000 00725nam a22001337a 4500
040 _cRUA
082 _aAVM KEM 2011 B100 Or.1
100 _aKEM, KHEN.
245 _aEffect of paragrass silage with or without sugar palm syrup with rice bran on growth performance of cattle in dry season. ការលូតលាស់គោក្នុងស្រុកដោយប្រើប្រាស់ស្មៅបារាំងផ្អាប់មានស្ករ និង កគ្មានស្ករនៅរដូវប្រាំង.
260 _aphnom phen
_bRUA
_c2011
300 _aX, 40p.
_bill.
_c29cm.
856 _uhttps://drive.google.com/file/d/1-9ilkzZ9BF_1_Cwn0OxcNYqngvXMVHry/view?usp=sharing
942 _cAVM
999 _c2516
_d2516